Miasta w Polsce na literę Ś - Statystyki

Ogólne statystyki
  • Ten quiz został rozwiązany 200 razy
    47 od ostatniego zresetowania
  • Średni wynik to 10 z 17
Statystyki odpowiedzi
Liczba mieszkańców Województwo Miasto % Poprawnych
51 701 dolnośląskie Świdnica
94%
36 318 lubelskie Świdnik
94%
24 286 wielkopolskie Środa Wielkopolska
89%
38 360 zachodniopomorskie Świnoujście
89%
44 777 śląskie Świętochłowice
86%
27 289 wielkopolskie Śrem
83%
9496 dolnośląskie Środa Śląska
78%
24 609 kujawsko-pomorskie Świecie
69%
14 333 zachodniopomorskie Świdwin
64%
20 565 lubuskie Świebodzin
61%
21 534 dolnośląskie Świebodzice
50%
5204 dolnośląskie Ścinawa
39%
5577 wielkopolskie Śmigiel
36%
3874 dolnośląskie Świeradów-Zdrój
36%
3051 wielkopolskie Ślesin
33%
2390 małopolskie Świątniki Górne
22%
1955 dolnośląskie Świerzawa
19%
Nie znaleziono quizów pasujących do podanych kryteriów
Rozkład punktacji
Procent ludzi z każdym wynikiem
Percentyl według liczby udzielonych odpowiedzi
Twoja historia wyników
Nie rozwiązałeś tego quizu od ostatniego zresetowania